00000000nam 2200000zi 4500
0019.945394
003CaOODSP
00520250224144121
006m     o  d f      
007cr mn|||||||||
008241120s197908  onc     o    f000 0|fre d
040 |aCaOODSP|bfre|erda|cCaOODSP
043 |an-cn---|an-us---
0861 |aC2-669/1979F-PDF
24503|aLe marché américain pour les fromages canadiens : |b(les États-Unis comme marché d'exportation pour les fromages de spécialité et le cheddar vielli canadiens).
24634|aGroupe de travail sur le développement des marchés d'exportation document de travail : |ble marché américain pour les fromages canadiens
264 1|a[Ottawa] : |bIndustrie et commerce = Industry, Trade and Commerce, |caoût 1979.
300 |a1 ressource en ligne (52 pages)
336 |atexte|btxt|2rdacontent/fre
337 |ainformatique|bc|2rdamedia/fre
338 |aressource en ligne|bcr|2rdacarrier/fre
500 |aÉdition numérisée de l'imprimé [par Innovation, sciences et développement économique Canada].
500 |aPublié aussi en anglais sous le titre : The U.S.A. market for Canadian cheese : (the U.S.A. market for variety cheeses and aged Canadian cheddar).
500 |a"Document de travail à l'intention du Groupe de travail sur sur le développement des marchés d'exportation."
650 6|aFromage|xIndustrie|zCanada.
7101 |aCanada. |bIndustrie et commerce, |eorganisme de publication.
77508|tThe U.S.A. market for Canadian cheese : |w(CaOODSP)9.932908
85640|qPDF|s972 Ko|uhttps://publications.gc.ca/collections/collection_2024/isde-ised/c2/C2-669-1979-fra.pdf